Political thinking of the Indonesian Chinese, 1900-1977 : (Record no. 162727)

MARC details
000 -LEADER
fixed length control field 00742nam a2200229 i 4500
008 - FIXED-LENGTH DATA ELEMENTS--GENERAL INFORMATION
fixed length control field
049 ## - LOCAL HOLDINGS (OCLC)
Holding library MAIN
090 ## - LOCALLY ASSIGNED LC-TYPE CALL NUMBER (OCLC); LOCAL CALL NUMBER (RLIN)
Classification number (OCLC) (R) ; Classification number, CALL (RLIN) (NR) DS632.C5POL
003 - CONTROL NUMBER IDENTIFIER
control field
005 - DATE AND TIME OF LATEST TRANSACTION
control field 20230123134244.0
040 ## - CATALOGING SOURCE
Transcribing agency NUST
245 00 - TITLE STATEMENT
Title Political thinking of the Indonesian Chinese, 1900-1977 :
Remainder of title a sourcebook /
Statement of responsibility, etc. edited by Leo Suryadinata.
260 ## - PUBLICATION, DISTRIBUTION, ETC.
Place of publication, distribution, etc. Singapore :
Name of publisher, distributor, etc. Singapore University Press,
Date of publication, distribution, etc. c1979.
300 ## - PHYSICAL DESCRIPTION
Extent xix, 251 p. ;
Dimensions 26 cm.
500 ## - GENERAL NOTE
General note Includes index.
650 #0 - SUBJECT ADDED ENTRY--TOPICAL TERM
Topical term or geographic name entry element Chinese
Geographic subdivision Indonesia.
651 #0 - SUBJECT ADDED ENTRY--GEOGRAPHIC NAME
Geographic name Indonesia
General subdivision Politics and government
Chronological subdivision 20th century.
650 #0 - SUBJECT ADDED ENTRY--TOPICAL TERM
Topical term or geographic name entry element Political science
Geographic subdivision Indonesia.
700 1# - ADDED ENTRY--PERSONAL NAME
Personal name Suryadinata, Leo.
907 ## - LOCAL DATA ELEMENT G, LDG (RLIN)
a .b10213983
b 22-09-06
c 11-09-06
942 ## - ADDED ENTRY ELEMENTS (KOHA)
Koha item type Ordinary Loan Books
Call number prefix DS632.C5POL
Holdings
Date last seen Total Checkouts Full call number Barcode Cost, replacement price Price effective from Koha item type Lost status Source of classification or shelving scheme Damaged status Not for loan Collection Withdrawn status Home library Current library Shelving location Date acquired Cost, normal purchase price
01/23/2023   DS632.C5 POL 92004004562 80.00 01/23/2023 BOOKS   LCC     NFIC   MAIN MAIN GEN 01/23/2023 80.00